Регионална библиотека "Любен Каравелов" - Русе

Лъки (Запис номер 490132)

MARC детайли
000 -Лидер
Контролно поле с фиксирана дължина 00946nam a2200265 a 4500
003 - Код на организацията, давaща контролен номер
Контролно поле BLK
005 - Дата и час на последна редакция
Контролно поле 20250213151140.0
008 - Елементи от данни с фиксирана дължина
fixed length control field 210901b bu |||||r|||| 00| | bu d
020 ## - Международен стандартен номер на книга ISBN
Международен стандартен номер на книга ISBN 9789542841555
040 ## - Източник на каталожния запис
Идентификатор на билиотеката - собственик на записа BLK
041 ## - Код за език
Код за езика на текст/звукозапис или на отделно заглавие Български
Код за езика КДБФ Български
080 ## - УДК
Текстов определител УДК Канадска литература
УДК код - определител по УДК 821.111(71)
УДК - код + определител 821.111(71)-31
УДК определител -31
100 ## - Редна дума - Автор
R(LIN) 487087
Автор Стейпли, Мариса
Авторска отговорност първи автор
139 ## - Редно поле
Редна дума Стейпли, Мариса
Авторски знак Сте - С 75
245 ## - Сведения за заглавието
Заглавие Лъки
Редно поле (дума) Мариса Стейпли, прев. от англ. Надежда Розова
257 ## - Страна на издаване
Страна на създаване/издаване Франция
260 ## - Област на издателските данни
9 (RLIN) 217021
Място на издаване, разпространение и проч. София
Име на издателя, разпространителя и проч. Сиела Норма
Година на издаване 2023
Печатница ([София] : Алианс принт)
300 ## - Физическа характеристика
Страници 256 с.
Размери/Мащаб 21 см
380 ## - Жанр
Жанр Худож. лит.
500 ## - Общи забележки
Забележка Ориг. загл.: Lucuy / Маrissa Stapley
852 ## - Местоположение
Фондова буква Заемна - подръчен фонд
856 ## - Електронен адрес и достъп
Инструкция (цена за достъп) 0.00
Права за достъп disable
999 ## - СИСТЕМНИ КОНТРОЛНИ НОМЕРА
Koha biblionumber 490132
Koha biblioitemnumber 490132
942 ## - АРТИКУЛИ
Вид на библиотечния материал Книги
Скрит в OPAC Не
Периодичен библиозапис Да
Koha issues (borrowed), all copies 68
944 ## - СЪЗДАВАНЕ И РЕДАКЦИЯ на ЗАПИСА
Създаване/Редакция Създаване
Дата на регистрацията/редакция 2023-03-24
Служител, извършил регистрацията/редакцията 30530
Статус, дата на статуса Минев Младен
Наличности
Код за отписване Код за изгубен артикул Източник на класификационната схема Код за повреда Коз за рестрикции Код за отдаване Артикулен № Име на библиотеката - собственик Име на библиотеката, в която се намира в момента Статус (Текущо местоположение) Дата на вписване в системата Местоположение - отдел Цена в лева Инвентарен номер Систематично азбучна сигнатура Баркод Цена в евро Служебен тип на артикула
  Не е изгубен Universal Decimal Classification Не е повреден без рестрикции заемане за дома 925341 Регионална библиотека "Любен Каравелов" Русе Регионална библиотека "Любен Каравелов" Русе Заемна - подръчен фонд 2023-03-28 Заемна - подръчен фонд 11.92 120000884576 821-31/С 75 М 120000884576 6.09 Книги
  Не е изгубен Universal Decimal Classification Не е повреден без рестрикции заемане за дома 925342 Регионална библиотека "Любен Каравелов" Русе Регионална библиотека "Любен Каравелов" Русе Заемна - подръчен фонд 2023-03-28 Заемна - подръчен фонд 11.92 120000884577 821-31/С 75 М 120000884577 6.09 Книги
  Не е изгубен Universal Decimal Classification Не е повреден   заемане за дома 933393 Регионална библиотека "Любен Каравелов" Русе Регионална библиотека "Любен Каравелов" Русе Заемна - подръчен фонд 2023-09-14 Заемна - подръчен фонд 15.90 120000892561 821-31/С 75 М 120000892561 8.13 Книги
Vip Innovations Ltd, Rousse, Bulgaria 2025